[Event "BEL-ch opB"]
[Site "Westerlo"]
[Date "2004.07.??"]
[Round "8"]
[White "Hajenius, Willem"]
[Black "Aerts, Eddy"]
[Result "0-1"]
[WhiteElo "2023"]
[BlackElo "2150"]
[PlyCount "92"]
[EventDate "2004.07.??"]
[EventType "swiss"]
[EventRounds "9"]
[EventCountry "BEL"]
[SourceTitle "EXT 2005"]
[Source "ChessBase"]
[SourceDate "2004.11.15"]
[SourceVersion "1"]
[SourceVersionDate "2004.11.15"]
[SourceQuality "1"]

1. d4 Nf6 2. c4 e6 3. Nc3 Bb4 4. f3 d5 5. Bg5 c5 6. e3 cxd4 7. exd4 h6 8. Bh4 Qa5 9. Bxf6 gxf6 10. cxd5 Qxd5 11. Kf2 Bxc3 12. bxc3 Nc6 13. Qb3 Na5 14. Bb5+ Bd7 15. Qxd5 exd5 16. Re1+ Kd8 17. Bxd7 Kxd7 18. Nh3 Rac8 19. Rc1 Rc4 20. Nf4 Kd6 21. Rhe1 Rhc8 22. Rb1 a6 23. Rb6+ R8c6 24. Rxc6+ Nxc6 25. Re3 b5 26. a3 Ne7 27. g4 f5 28. Nh5 fxg4 29. fxg4 Ra4 30. Rf3 Rxa3 31. Rf6+ Kd7 32. Rxh6 a5 33. Nf6+ Kc6 34. Rh7 Rxc3 35. Rxf7 Rc2+ 36. Ke3 Kd6 37. Ne8+ Ke6 38. Rf6+ Kd7 39. Ng7 Rc6 40. Rf7 a4 41. h4 a3 42. h5 a2 43. Rf1 b4 44. g5 b3 45. h6 b2 46. h7 Rc8 0-1